| 000 | 00594nam a2200217Ii 4500 | ||
|---|---|---|---|
| 001 | 14155 | ||
| 003 | CO-ViMGA | ||
| 008 | 241108s9999||||xx |||||||||||||| ||und|| | ||
| 020 | _a8422668955 | ||
| 040 |
_aCO-ViMGA _bspa _erda _cCO-ViMGA |
||
| 041 | 0 | _aspa | |
| 084 | _aN GRA11b | ||
| 100 | 1 |
_aSue Grafton _952279 |
|
| 245 | 1 | 0 | _aB de bestias |
| 264 | 1 | _aMadrid, España : Círculo de Lectores, 1990 | |
| 300 | _avolumen | ||
| 336 |
_atext _btxt _2rdacontent |
||
| 337 |
_aunmediated _bn _2rdamedia |
||
| 338 |
_avolume _bnc _2rdacarrier |
||
| 940 | _aidficha_siabuc: 13853. -- ficha_no_siabuc:14155 | ||
| 999 |
_c47062 _d47062 |
||